LEADER 01064nam a2200265 u 4500 001 000000053970 003 CaOOAMICUS 005 20070226115623.0 008 001127s1961 it u000 u ita u 035 $a10862383 040 $aPUL(R)$bita 100 1 $aServadio, Emilio.$0(OLS)http://pul/name/1882 245 13$aLa psicologia dell'attualitą /$cdi Emilio Servadio ; prefazione di Giancarlo Vigorelli. 260 $aMilano :$bLonganesi,$c1961. 300 $a555 p. ;$c18 cm 490 1 $aLa nostra via ;$v48 650 4$aPsicologia sociale.$0(OLS)http://pul/subject/4383 700 1 $aVigorelli, Giancarlo.$0(OLS)http://pul/name/30366 830 3$aLa nostra via ;$v48.$0(OLS)http://pul/title/72394 850 $aPUL 852 $aPUL$W1$xDP1 Fondo Giannini$y60$m1555 F 4$j71139$nBK-PRI$b $qFondi$B71139$CPULBib$Z2$F71139 $H $81 941 1 $a1 961 $aINV: Fondo Giannini 996 $6245$aLa psicologia dell'attualitą$9(OLS)http://pul/title/72393 996 $6260$aMilano :$bLonganesi$9(OLS)http://pul/publisher/52306 LEADER 01320nam a2200301 a 4500 001 000000140318 003 CaOOAMICUS 005 20141105111031.0 008 141105s2004 it d u000 u ita r 020 $a88-350-1718-1 040 $aPUL$bita 082 04$a371 110 2 $aCentro studi per la scuola cattolica (CSSC).$0(OLS)http://pul/name/65947 245 10$aDirigere e coordinare le scuole :$bscuola cattolica in Italia: sesto rapporto /$cCSSC, Centro studi per la scuola cattolica. 260 $aBrescia :$bLa Scuola,$c©2004. 300 $a400 p. ;$c22 cm 490 1 $aScuola d'oggi 504 $aIndicazioni bibliografiche in nota. 650 4$aScuola cattolica$zItalia.$0(OLS)http://pul/subject/19625 830 0$aScuola d'oggi (La Scuola).$0(OLS)http://pul/title/82760 850 $aPUL 852 $aPUL$W1$xSL Diritto e Scienze Sociali 3$y79$m371. 071 CSSC 2$j127766$qDDC 21$B161617$CPULBib$Z2$F161617 $H124931 $81 941 1 $a9 996 $6020$a88-350-1718-1 $9(OLS)http://pul/number/156279 996 $6082$a371$9(OLS)http://pul/classification/637 996 $6245$aDirigere e coordinare le scuole :$bscuola cattolica in Italia: sesto rapporto$9(OLS)http://pul/title/177617 996 $6260$aBrescia :$bLa Scuola$9(OLS)http://pul/publisher/48404